Générique Wingman - Paroles - Statistiques

Statistiques générales
  • Ce quiz a été pris 6 fois
  • Le résultat moyen est 11 sur 15
Statistiques - réponses
Paroles % Correct
Je suis le plus grand des {héros}
100%
C'est moi le bras de la {justice}
83%
Grace à toi, bientôt peut-{être}
83%
La paix règnera sur la {planète}
83%
Oui le bras de la {justice} c'est toi
83%
{Wingman}
83%
Wingman, {Wingman}
83%
Wingman, {Wingman}
83%
Wingman, {Wingman}
83%
Wingman, {Wingman}
83%
C'est {moi} !
67%
Et je vais dans la {vie}
67%
Je vole plus haut que les {oiseaux}
50%
Les forces du mal tu les {arrêtera}
50%
Tu combat pour un univers de {joie}
50%
Aucun quiz correspondant
Distribution des résultats
% des personnes avec chaque résultat
Percentile par nombre de réponses
Votre historique - résultats
Vous n’avez pas pris ce quiz